000 00317nam a2200121Ia 4500
008 190216s9999||||xx |||||||||||||| ||und||
100 _aJoseph K X
245 0 _aSubsidiary Statitics For I And Ii Year Bsc
260 _bCalicut University Central Co-Operative
300 _a506
650 _aMathematics
942 _cBK
999 _c31995
_d31995